| 000 | 02182nam0a2200409 4500 | ||
|---|---|---|---|
| 001 | RU\NLR\bibl\1856019 | ||
| 005 | 20260405203302.0 | ||
| 010 |
_a978-5-9275-0863-1 _9500 |
||
| 021 |
_aRU _b2011-101102 _97240 |
||
| 035 | _a(NLR Aleph) 001845948 | ||
| 090 |
_a2336233 _c2336233 |
||
| 100 | _a20120113d2011 |||y0rusy50 ca | ||
| 101 | 0 |
_arus _ager |
|
| 102 | _aRU | ||
| 105 | _ay ||||||||| | ||
| 135 | _acrmn mmmancda | ||
| 200 | 1 |
_aНемецкая литература в обучении немецкому языку _eучебник для гуманитарных специальностей университетов _fС.Е. Колоскова _gМ-во образования и науки Рос. Федерации, Федер. гос. авт. образоват. учреждение высш. проф. образования "Юж. федер. ун-т" |
|
| 210 |
_aРостов-на-Дону _cИзд-во Южного федерального университета _d2011 |
||
| 215 |
_a213 с. _d21 |
||
| 225 | 1 |
_aПриоритетные национальные проекты _iОбразование |
|
| 320 | _aБиблиогр.: с. 209-212 (46 назв.) | ||
| 325 | _aКопия доступна в Электрон. б-ке РНБ | ||
| 606 | 1 |
_aНемецкий язык _xУчебные издания для гуманитарных специальностей _92411652 _3RU\NLR\auth\661436854 |
|
| 686 | 1 | _aШ143.24-93рус329.2/7 | |
| 686 | 1 | _aШ143.24-93рус31 | |
| 700 | 1 |
_4070 _8rus _7ca _aКолоскова _bС. Е. _gСветлана Ефимовна _3RU\NLR\auth\7790715 _973642 |
|
| 801 | 0 |
_aRU _bNLR _c20120113 _gRCR |
|
| 801 | 1 |
_aRU _bNLR _c20120113 |
|
| 830 | _aавт. по кн. | ||
| 942 | _cBOOK | ||
| 980 | _aNB | ||
| 980 | _aNBR | ||
| 981 | 1 | 3 |
_a(13) Документы, защищенные авторским правом _b(13) Современная научная, научно-популярная и популярная л |